Southville International School and Colleges
Your cart is empty.
  • Cart
  • Lists
    Public lists Eva Luna New books Lux_list list_1
    Your lists Log in to create your own lists
  • Log in to your account
  • Your cookies
  • Search history
Southville International School and Colleges
  • Advanced search
  • Recent comments
  • Most popular
  • Libraries

Log in to your account

Log in with GOOGLE


If you do not have an external account, but do have a local account, you can still log in:

  1. Home
  2. MARC view: Digital design:
Normal view MARC view ISBD view

Digital design: (Record no. 39399)

[ view plain ]
MARC details
000 -LEADER
fixed length control field 00552nam a2200205 a 4500
005 - DATE AND TIME OF LATEST TRANSACTION
control field 20140311163014.0
008 - FIXED-LENGTH DATA ELEMENTS--GENERAL INFORMATION
fixed length control field 060908s19uu xx 00 eng d
020 ## - INTERNATIONAL STANDARD BOOK NUMBER
International Standard Book Number 0155059580
050 ## - LIBRARY OF CONGRESS CALL NUMBER
Classification number N 7433.83
Item number .Ar75 2006
100 ## - MAIN ENTRY--PERSONAL NAME
Personal name Arntson, Amy E.
245 ## - TITLE STATEMENT
Title Digital design:
Remainder of title basics. /
260 ## - PUBLICATION, DISTRIBUTION, ETC. (IMPRINT)
Place of publication, distribution, etc Australia :
Name of publisher, distributor, etc Thomson Wadsworth,
Date of publication, distribution, etc 2006.
300 ## - PHYSICAL DESCRIPTION
Extent 212 p. :
Other physical details col. ill. ;
Dimensions 27 cm.
650 ## - SUBJECT ADDED ENTRY--TOPICAL TERM
Topical term or geographic name as entry element Digital art.
650 ## - SUBJECT ADDED ENTRY--TOPICAL TERM
Topical term or geographic name as entry element Design.
650 ## - SUBJECT ADDED ENTRY--TOPICAL TERM
Topical term or geographic name as entry element Computer art.
650 ## - SUBJECT ADDED ENTRY--TOPICAL TERM
Topical term or geographic name as entry element Computer-aided design.
942 ## - ADDED ENTRY ELEMENTS (KOHA)
Koha item type Books
Source of classification or shelving scheme Library of Congress Classification
Call number prefix Foreign
Holdings
Withdrawn status Lost status Source of classification or shelving scheme Damaged status Home library Current library Shelving location Date acquired Source of acquisition Total Checkouts Full call number Barcode Date last seen Date checked out Copy number Price effective from Koha item type
    Library of Congress Classification   College Library College Library General Circulation Section 01/09/2014 Donation 1 N 7433.83 .Ar75 2006 C7636 05/15/2018 01/30/2015 1 01/09/2014 Books

Digital design:

APA

Arntson A. E., . (2006). Digital design. Australia: Thomson Wadsworth.

Chicago

Arntson Amy E, . 2006. Digital design. Australia: Thomson Wadsworth.

Harvard

Arntson A. E., . (2006). Digital design. Australia: Thomson Wadsworth.

MLA

Arntson Amy E, . Digital design. Australia: Thomson Wadsworth. 2006.

  • Place hold
  • Print
  • Cite
  • Add to your cart (remove)
  • Save record
    BIBTEX Dublin Core MARCXML MARC (non-Unicode/MARC-8) MARC (Unicode/UTF-8) MARC (Unicode/UTF-8, Standard) MODS (XML) RIS
  • More searches
    Search for this title in:
    Other Libraries (WorldCat) Other Databases (Google Scholar) Online Stores (Bookfinder.com) Open Library (openlibrary.org)

Exporting to Dublin Core...

SOUTHVILLE LIBRARY

Southville International School and Colleges Library

1281 Tropical Ave. Cor. Luxembourg St., BF Homes International, Las Pinas City

Tel. No. 8256374 / 252358 Loc. 117/146

Powered by Koha